000 00787nam a2200241 i 4500
001 bg
003 BPK
005 20201123124700.0
008 070707s1967 pl f |000 0 pol
040 _cBPK
041 _apol
080 _a628.1
080 _a696
080 _a(07)
100 1 _aGabryszewski, Tadeusz
_d(1906-1995)
_eAutor
245 0 _aWodociągi :
_bzapotrzebowanie - ujęcie - dostarczanie - gromadzenie - rozprowadzanie wody /
_cTadeusz Gabryszewski.
260 _aWrocław :
_b[Państw. Wydawn. Nauk.],
_c1967.
300 _as. 574 :
_berr., rys., tab., tabl. [w tym] nlb. 5.
650 4 _aWodociąg
655 4 _aPodręcznik
856 _uhttp://koha.tu.koszalin.pl/cgi-bin/koha/opac-detail.pl?biblionumber=7747
_yKatalog online BPK
942 _cKS
_2UKD
999 _c7747
_d7747